Κατάλογος Βιβλιοθηκών Mediterranean College

Η Ανάπτυξη των Παιδιών / Η αρχή της Ζωής: Εγκυμοσύνη, Τοκετός, Βρεφική ηλικία - Γνωστική και Ψυχοκοινωνική Ανάπτυξη κατά τη Νηπιακή και Μέση Παιδική Ηλικία (Record no. 5971)

MARC details
000 -LEADER
fixed length control field 02364cam a22002414a 4500
005 - ΗΜΕΡΟΜΗΝΙΑ ΚΑΙ ΩΡΑ ΤΕΛΕΥΤΑΙΑΣ ΕΝΗΜΕΡΩΣΗΣ
Πεδίο ελέγχου 20250605164227.0
008 - FIXED-LENGTH DATA ELEMENTS--GENERAL INFORMATION
Πεδίο ελέγχου σταθερού μήκους 250528s ||||||||||||||||||||||||d
035 ## - SYSTEM CONTROL NUMBER
System control number 20892
020 ## - ISBN
ISBN 9789604023998
040 ## - ΠΗΓΗ ΚΑΤΑΛΟΓΟΓΡΑΦΗΣΗΣ
Φορέας πρωτότυπης καταλογογράφησης MC Athens Campus Library
Γλώσσα καταλογογράφησης Ελληνικά, Μοντέρνα (1453-)
Modifying agency MC Athens Campus Library
Κανόνες περιγραφικής καταλογογράφησης AACR2
245 1# - ΤΙΤΛΟΣ ΚΑΙ ΔΗΛΩΣΗ ΥΠΕΥΘΥΝΟΤΗΤΑΣ
Τίτλος Η Ανάπτυξη των Παιδιών / Η αρχή της Ζωής: Εγκυμοσύνη, Τοκετός, Βρεφική ηλικία - Γνωστική και Ψυχοκοινωνική Ανάπτυξη κατά τη Νηπιακή και Μέση Παιδική Ηλικία
260 ## - PUBLICATION, DISTRIBUTION, ETC.
Name of publisher, distributor, etc. Τυπωθήτω,
Date of publication, distribution, etc. 2011
300 ## - PHYSICAL DESCRIPTION
Extent 1128
520 ## - SUMMARY, ETC.
Summary, etc. Η ανάπτυξη είναι μια διεργασία που εμπλέκει το παιδί σε ένα δυναμικά μεταλλασόμενο πλαίσιο. Η Μελέτη της Ανθρώπινης Ανάπτυξης, Η Ανθρώπινη κληρονομιά: Γονίδια και Περιβάλλον, Προγενετική Ανάπτυξη και Γέννηση, Πρώτη Βρεφική ηλικία: Οι αρχικές Ικανότητές και η Διεργασία της Αλλάγής, Τα Επιτεύγματα του Πρώτου Χρόνου, Το Τέλος της Βρεφικής Ηλικίας, Οι Πρώτες Εμπειρίες και οι Επιπτώσεις στη Μετέπειτα Ζωή, Η Απόκτηση της Γλώσσας, Η Σκέψη στη Νηπιακή Ηλικία: Νησίδες Ικανοτήτων, Κοινωνική Ανάπτυξη στη Νηπιακή Ηλικία, Τα Πλαίσια της Ανάπτυξης στη Νηπιακή Ηλικία, Γνωστικά και Βιολογικά Επιτεύγματα στη Μέση Παιδική Ηλικία, Σχολική Εκπαίδευση και Ανάπτυξη στη Μέση Παιδική Ηλικία, Η Κοινωνική Ανάπτυξη στη Μέση Παιδική Ηλικία, Βιβλιογραφία, Γλωσσάρι, Ευρετήριο Ονομάτων και Φωτογραφιών, Βιογραφικά.
700 1# - ΠΡΟΣΘΕΤΗ ΑΝΑΓΡΑΦΗ--ΦΥΣΙΚΟ ΠΡΟΣΩΠΟ
Personal name Cole Michael
9 (RLIN) 3056
700 1# - ΠΡΟΣΘΕΤΗ ΑΝΑΓΡΑΦΗ--ΦΥΣΙΚΟ ΠΡΟΣΩΠΟ
Personal name Cole Sheila R
9 (RLIN) 3057
700 1# - ΠΡΟΣΘΕΤΗ ΑΝΑΓΡΑΦΗ--ΦΥΣΙΚΟ ΠΡΟΣΩΠΟ
Personal name Βορριά Παναγιώτα
9 (RLIN) 3058
700 1# - ΠΡΟΣΘΕΤΗ ΑΝΑΓΡΑΦΗ--ΦΥΣΙΚΟ ΠΡΟΣΩΠΟ
Personal name Μπαμπλέκου Ζωή
9 (RLIN) 3060
700 1# - ΠΡΟΣΘΕΤΗ ΑΝΑΓΡΑΦΗ--ΦΥΣΙΚΟ ΠΡΟΣΩΠΟ
Personal name Παπαληγούρα Ζαϊρα
9 (RLIN) 3059
942 ## - ADDED ENTRY ELEMENTS (KOHA)
Koha item type Books
Holdings
Τύπος τεκμηρίου Βιβλιοθήκη Τρέχουσα τοποθεσία Barcode Αριθμός εισαγωγής Ημερομηνία απόκτησης Ταξιθετικό σύμβολο Αριθμός αντιτύπου Κατάσταση απόσυρσης Κατάσταση χαμένου Κατάσταση κατεστραμμένου Μη δανεισμός Σύνολο δανεισμών Ημερομηνία τελευταίας εμφάνισης Η τιμή ισχύει από
Books MC Athens Campus Library MC Athens Campus Library 9780000059703 6548 05/06/2025 305.231 COL 1           05/06/2025 05/06/2025

MC Athens Campus Library
Πατησίων 94 & Κοδριγκτώνος 13, 104 34
Πελλήνης 8 & Πατησίων 107, 112 51
Τ: +30 210 8899600

MC Thessaloniki Campus Library
Ίωνος Δραγούμη 21, 54625 | Ίωνος Δραγούμη 15, 54625
Τ: +30 2310 287779 – Τ: +30 2314 440300